Ciclo de videoconferencias: herramientas digitales: cómo usar las nuevas tecnologías en el aula /

Бібліографічні деталі
Автор: Camacho, Karla
Інші автори: Díaz, María Luisa
Формат: Книга
Мова:Іспанська
Опубліковано: San José, Costa Rica : CECC/SICA, 2011
Предмети:

MARC

LEADER 00000nam a2200000Ia 4500
008 180926b2011 cr ||||| |||| 00| | spa d
090 |a CD #239 
100 1 |a Camacho, Karla  |9 4353 
245 1 0 |a Ciclo de videoconferencias: herramientas digitales: cómo usar las nuevas tecnologías en el aula /   |c Karla Camacho; María Luisa Díaz 
260 |a San José, Costa Rica :   |b CECC/SICA,   |c 2011 
300 |a disco compacto 
650 1 4 |a EDUCACIÓN  |9 1 
650 1 4 |a MÉTODOS PEDAGÓGICOS  |9 824 
650 1 4 |a TECNOLOGÍA DE LA INFORMACIÓN   |9 484 
650 1 4 |a MATERIAL DIDÁCTICO  |9 785 
700 1 |a Díaz, María Luisa  |9 4354 
942 |i 003704   |h CD #239   |2 z  |c 08  |6 CD_239_003704 
999 |c 2490  |d 2490